| 000 | 00560nam a2200205Ia 4500 | ||
|---|---|---|---|
| 005 | 20250326141104.0 | ||
| 008 | 250326s9999 xx 000 0 und d | ||
| 020 | _a0-256-26125-3 | ||
| 037 | _aTextbook | ||
| 040 |
_aFMSL _beng _cFMSL |
||
| 041 |
_aeng _2eng |
||
| 084 |
_aX:51y7 P0 _qFMSL |
||
| 100 |
_aCravens D W _9741715 |
||
| 245 | 0 |
_aStrategic marketing management cases _cCravens D W And Others |
|
| 250 | _a6 | ||
| 260 |
_aUS _bUS, Tata McGraw Hill _c1999 |
||
| 300 | _a624p | ||
| 942 |
_cTB _hX:51y7 P0 |
||
| 999 |
_c1288649 _d1288649 |
||